| 000 | 00535nam a2200181Ia 4500 | ||
|---|---|---|---|
| 008 | 151202s9999||||xx |||||||||||||| ||und|| | ||
| 082 | _bPNVM-54466 | ||
| 100 | _aमराठे सुाा. | ||
| 245 | _aयशश्री. | ||
| 260 | _b"नवचैतन्य प्रकाशन,बोरोवली." | ||
| 260 | _c1988 | ||
| 300 | _a189 | ||
| 600 | _aमराठे सुाा. | ||
| 630 | _aयशश्री. | ||
| 700 | _aमराठे सुाा. | ||
| 730 | _aयशश्री. | ||
| 942 | _cBOOK | ||
| 999 |
_c1321005 _d1321002 |
||